|
|
|
|
| LEADER |
01046nam a22002532a 4500 |
| 001 |
000411108 |
| 003 |
CZ BrMZK |
| 005 |
20210108095512.0 |
| 007 |
ta |
| 008 |
990307s1975 xr af f cze d |
| 015 |
|
|
|a cnb000471870
|
| 035 |
|
|
|a (OCoLC)16620585
|
| 040 |
|
|
|a BOA001
|b cze
|
| 100 |
1 |
|
|a Nechvátal, František,
|d 1905-1983
|7 jk01082922
|4 aut
|
| 245 |
1 |
0 |
|a V mámině náručí :
|b pro malé čtenáře /
|c František Nechvátal ; il. Jan Kudláček ; doslov naps. Jindřich Hilčr
|
| 250 |
|
|
|a 1. vyd.
|
| 260 |
|
|
|a Praha :
|b Albatros,
|c 1975
|
| 300 |
|
|
|a 142 s., obr. příl. :
|b il.
|
| 700 |
1 |
|
|a Kudláček, Jan,
|d 1928-2017
|7 jk01070650
|4 ill
|
| 856 |
4 |
1 |
|u http://www.digitalniknihovna.cz/mzk/uuid/uuid:409a4640-4ae7-11e3-ad8c-005056827e52
|y Digitalizovaný dokument
|x NDK
|
| 910 |
|
|
|a BOA001
|b PK-0076.868
|b 3-0754.565
|
| 990 |
|
|
|a BK
|
| 996 |
6 |
|
|b 2618897315
|c 3-0754.565
|l MZK
|r Sklad / do 1 hodiny
|n 0
|w 000411108
|u 000020
|a 1
|e BOA001
|j MZK50
|s P
|
| 996 |
7 |
|
|b 3119823746
|c PK-0076.868
|l MZK
|r Sklad / do 1 hodiny
|n 0
|w 000411108
|u 000010
|a 1
|e BOA001
|j MZK50
|s A
|